| 000 | 00476nam a2200133Ia 4500 | ||
|---|---|---|---|
| 008 | 260210s9999 xx 000 0 und d | ||
| 024 | _a09B-008-CE, 09B-024-CE, 09B-005-CE & 09B-022-CE | ||
| 082 | _a004.165072 HAS | ||
| 100 | _aFaseeh Ul Hassan, Bilal Kidwai, Talha Buin Mujahid & Obaid Ur Rehman | ||
| 245 | 0 | _aMicrocontroller Based Web Server | |
| 260 |
_aKarachi: _bUITU, _c2009 |
||
| 600 | _aComputer System Engineering | ||
| 650 | _aBachelor of Engineering (BE) | ||
| 999 |
_c32754 _d32754 |
||